000 01049nam a2200289 a 4500
999 _c20673
_d20673
001 1630884
003 OSt
005 20200131120658.0
008 950608s1995 ii b 001 0 eng
040 _coclc
082 0 0 _a934
_220
_bTHA/R
100 _9444
_aThapar, Romila
245 0 0 _aRecent Perspectives of early Indian history /
_cRomila Thapar
260 _aBombay :
_bPopular Prakashan,
_c1995.
300 _a 361 p. ;
_c23 cm.
500 _a"In association with the Book Review Trust, New Delhi."
504 _aIncludes bibliographical references and index.
520 _aContributed articles.
651 0 _aIndia
_xHistory
_yTo 324 B.C.
_xHistoriography.
651 0 _aIndia
_xHistory
_y324 B.C.-1000 A.D.
_xHistoriography.
651 0 _aIndia
_xSocial conditions
_yTo 1200
_xHistoriography.
700 1 _aThapar, Romila.
710 2 _aBook Review Trust, New Delhi.
906 _a7
_bcbc
_corigode
_d3
_encip
_f19
_gy-gencatlg
942 _2ddc
_cBK
_h934
_iTHA/R
_k934
_mTHA/R